Macroeconomic conditions and import surcharges in selected transition economies
Salvato in:
| Autore principale: | |
|---|---|
| Natura: | Libro |
| Lingua: | inglese |
| Pubblicazione: |
Washington
International Monetary Fund
1999
|
| Serie: | IMF working paper
WP/99/62 |
| Soggetti: | |
| Tags: |
Nessun Tag, puoi essere il primo ad aggiungerne!!
|
MARC
| LEADER | 00000nam a2200000 4500 | ||
|---|---|---|---|
| 001 | c116323 | ||
| 005 | 20221221082902.6 | ||
| 041 | 0 | |a eng | |
| 044 | |a US | ||
| 245 | 1 | 0 | |a Macroeconomic conditions and import surcharges in selected transition economies |c Prepared by Piritta Sorsa |
| 264 | 1 | |a Washington |b International Monetary Fund |c 1999 | |
| 300 | |a 23 s. | ||
| 490 | 1 | |a IMF working paper |v WP/99/62 | |
| 830 | 0 | |a IMF working paper |v WP/99/62 | |
| 610 | 2 | 0 | |a politika hospodárska |
| 610 | 2 | 0 | |a transformácia |
| 610 | 2 | 0 | |a makroekonomika |
| 610 | 2 | 0 | |a prirážky dovozné |
| 610 | 2 | 0 | |a obchod |
| 610 | 2 | 0 | |a politika obchodná |
| 610 | 2 | 0 | |a stabilizácia hospodárstva |
| 610 | 2 | 0 | |a kurz devízový |
| 610 | 2 | 0 | |a dohody obchodné medzinárodné |
| 610 | 2 | 0 | |a miera úroková |
| 610 | 2 | 0 | |a obdobie prechodné |
| 610 | 2 | 0 | |a Česko |
| 610 | 2 | 0 | |a Slovensko |
| 610 | 2 | 0 | |a Maďarsko |
| 610 | 2 | 0 | |a Poľsko |
| 100 | 1 | |a Sorsa, Piritta | |